[Event "World Youth Boys U18 2014"]
[Site "Durban RSA"]
[Date "2014.09.23"]
[Round "6.1"]
[White "Bortnyk, Olexandr"]
[Black "Bluebaum, Matthias"]
[Result "1/2-1/2"]
[WhiteTitle "IM"]
[BlackTitle "IM"]
[WhiteElo "2505"]
[BlackElo "2521"]
[WhiteFideId "14120828"]
[BlackFideId "24651516"]
[EventDate "2014.09.20"]

1. c4 c6 2. e4 d5 3. exd5 cxd5 4. d4 Nf6 5. Nc3 Nc6 6. Bg5 Be6 7. Nf3 Ne4 8. Qa4
Bd7 9. Qd1 Nxg5 10. Nxg5 e6 11. Nf3 Bb4 12. a3 Bxc3+ 13. bxc3 O-O 14. c5 e5 15.
dxe5 Qa5 16. Qd2 Rfe8 17. Be2 Nxe5 18. O-O Qxc5 19. Rfd1 Bc6 20. Nxe5 Rxe5 21.
Bf3 Rae8 22. h3 h6 23. a4 R8e7 24. a5 Bb5 25. Qd4 Qxd4 26. Rxd4 Bc4 27. Kh2 Rc7
28. Rb1 Kf8 29. g4 Ke7 30. Bg2 Kd6 31. Rb4 Re2 32. Bxd5 Bxd5 33. c4 Rxf2+ 34.
Kg1 Ra2 35. Rxd5+ Kc6 36. Rbb5 b6 37. axb6 axb6 38. Rb1 Re7 39. Rdb5 Ree2 40.
Rxb6+ Kc5 41. R6b3 Rg2+ 42. Kh1 Rh2+ 43. Kg1 Rag2+ 44. Kf1 Rf2+ 45. Kg1 Rhg2+
46. Kh1 Kxc4 47. Rb4+ Kd5 48. Rb5+ Ke6 49. Rb6+ Ke7 50. Re1+ Re2 51. Rxe2+ Rxe2
52. Kg1 g6 53. Ra6 Kf8 54. Rb6 Kg7 55. Ra6 h5 56. gxh5 gxh5 57. Rb6 f6 58. Rb5
Kg6 59. Ra5 f5 60. Ra4 Kg5 61. Rb4 f4 62. Ra4 f3 63. Kf1 Rh2 64. Rb4 Re2 65. Ra4
Kf5 66. Rh4 Kg5 67. Ra4 Kf5 68. Rh4 Kg5 1/2-1/2

[Event "World Youth Boys U18 2014"]
[Site "Durban RSA"]
[Date "2014.09.23"]
[Round "6.2"]
[White "Ruiz C, Joshua D"]
[Black "Vaibhav, Suri"]
[Result "0-1"]
[WhiteTitle "IM"]
[BlackTitle "GM"]
[WhiteElo "2395"]
[BlackElo "2521"]
[WhiteFideId "4400704"]
[BlackFideId "5045185"]
[EventDate "2014.09.20"]

1. e4 e5 2. Nf3 Nc6 3. d4 exd4 4. Nxd4 Bb4+ 5. c3 Bc5 6. Be3 Bb6 7. Nf5 g6 8.
Bxb6 axb6 9. Ne3 Nf6 10. f3 O-O 11. c4 d5 12. cxd5 Nxe4 13. dxc6 Qh4+ 14. g3
Nxg3 15. hxg3 Qxh1 16. Kf2 bxc6 17. Qc2 Bh3 18. Nd2 Bxf1 19. Nexf1 Qh6 20. Qxc6
Qg7 21. Qc3 Qxc3 22. bxc3 Rfd8 23. Ke2 Rd5 24. a3 Rda5 25. Nb1 Rb5 26. c4 Rb3
27. Nfd2 Re8+ 28. Kf2 Rb2 29. a4 Re5 30. Ra3 Rh5 31. Ke3 Rh1 32. Nc3 f5 33. f4
Kf7 34. c5 Ke6 35. cxb6 cxb6 36. Nc4 Rg2 37. Nxb6 Rxg3+ 38. Kd4 Rf1 39. a5 Rxf4+
40. Kc5 Rff3 41. Nbd5 Ke5 42. Kc4 Rg4+ 43. Kb3 Rd4 44. Nb4 Rd7 45. a6 Rc7 46.
Kb2 Rf2+ 47. Kc1 Kd4 48. a7 Rxa7 49. Nc6+ Kd3 50. Nxa7 Rc2+ 51. Kd1 Rxc3 52.
Rxc3+ Kxc3 53. Ke2 Kd4 54. Kf3 g5 55. Nc6+ Kd5 56. Nb4+ Ke5 57. Nc6+ Kd5 58.
Nb4+ Kd6 59. Nc2 h5 60. Nd4 Ke5 61. Nc6+ Kd5 62. Ne7+ Ke6 63. Nc6 h4 64. Nd4+
Kf6 65. Ne2 Ke5 66. Nc1 g4+ 67. Kg2 Ke4 68. Ne2 f4 69. Nc3+ Ke5 70. Nd1 f3+ 71.
Kf2 Kf4 0-1

[Event "World Youth Boys U18 2014"]
[Site "Durban RSA"]
[Date "2014.09.23"]
[Round "6.3"]
[White "Wagner, Dennis"]
[Black "Alekseenko, Kirill"]
[Result "0-1"]
[WhiteTitle "IM"]
[BlackTitle "FM"]
[WhiteElo "2499"]
[BlackElo "2483"]
[WhiteFideId "24650684"]
[BlackFideId "4135539"]
[EventDate "2014.09.20"]

1. Nf3 d5 2. g3 c5 3. Bg2 Nc6 4. d4 e6 5. O-O Qb6 6. dxc5 Bxc5 7. Nc3 Be7 8. e4
d4 9. Ne2 e5 10. c3 Bg4 11. cxd4 exd4 12. Nf4 Nf6 13. Nd5 Qd8 14. h3 Bxf3 15.
Qxf3 O-O 16. Bf4 Qd7 17. Rfe1 Rac8 18. Rad1 Rfe8 19. h4 Bd8 20. a3 Qe6 21. Nb4
Ba5 22. e5 Ng4 23. Re2 Bxb4 24. axb4 Ngxe5 25. Bxe5 Nxe5 26. Qxb7 d3 27. Red2
Rc2 28. Qe4 Qc8 29. Rxc2 Qxc2 30. Rf1 Qe2 31. f4 Ng4 32. Qxe2 dxe2 33. Re1 Re3
34. Bc6 Rxg3+ 35. Kh1 Re3 36. Bb5 Nf2+ 37. Kh2 Nh3 38. Rxe2 Rxe2+ 39. Bxe2 Nxf4
40. Bc4 Kf8 41. Kg3 Ng6 42. h5 Ne5 43. Be2 Ke7 44. Kf4 Kd6 45. Ke4 f6 46. Bd1 g6
47. hxg6 hxg6 48. Bb3 Nc6 49. Bf7 Ne7 50. Kd4 g5 51. Kc4 g4 52. Bh5 g3 53. Bf3
Ng6 54. Kd4 Nh4 55. Ke3 g2 56. Kf2 Nxf3 0-1

[Event "World Youth Boys U18 2014"]
[Site "Durban RSA"]
[Date "2014.09.23"]
[Round "6.4"]
[White "Henriquez Villagra, Cristobal"]
[Black "Salomon, Johan"]
[Result "1-0"]
[WhiteTitle "IM"]
[WhiteElo "2466"]
[BlackElo "2362"]
[WhiteFideId "3409350"]
[BlackFideId "1509500"]
[EventDate "2014.09.20"]

1. d4 Nf6 2. c4 e6 3. Nf3 Bb4+ 4. Bd2 c5 5. Bxb4 cxb4 6. Nbd2 O-O 7. e3 b6 8.
Bd3 Bb7 9. a3 bxa3 10. Rxa3 Nc6 11. O-O Qe7 12. e4 d6 13. Qb3 Nd7 14. Bb1 e5 15.
d5 Ncb8 16. Qe3 a5 17. Ng5 h6 18. Nh3 Na6 19. f4 exf4 20. Nxf4 Nac5 21. Ne2 Ne5
22. Nd4 Qg5 23. Qe1 Ng6 24. Nf5 Qd8 25. Rg3 Bc8 26. Qf2 Kh8 27. Qd4 Ne5 28. Nxg7
Rg8 29. Nh5 Rxg3 30. Nxg3 Qe7 31. Nf3 Ba6 32. Nxe5 dxe5 33. Qe3 Kh7 34. Nf5 Qg5
35. Qxg5 hxg5 36. Nd6 Ra7 37. Rxf7+ Rxf7 38. Nxf7 Bxc4 39. Nxe5 Bb3 40. Kf2 Kg7
41. Ke3 Kf6 42. Nd3 Nxd3 43. Kxd3 Ke5 44. Bc2 Ba2 45. Kc3 b5 46. b3 a4 47. Kb2 1-0

[Event "World Youth Boys U18 2014"]
[Site "Durban RSA"]
[Date "2014.09.23"]
[Round "6.5"]
[White "Harutyunian, Tigran K."]
[Black "Vignesh, NR"]
[Result "1/2-1/2"]
[WhiteTitle "IM"]
[WhiteElo "2439"]
[BlackElo "2360"]
[WhiteFideId "13303635"]
[BlackFideId "25012215"]
[EventDate "2014.09.20"]

1. Nf3 d5 2. d4 Nf6 3. c4 e6 4. Nc3 Be7 5. Bg5 h6 6. Bh4 O-O 7. e3 b6 8. Be2
dxc4 9. Bxc4 Bb7 10. O-O Ne4 11. Bxe7 Qxe7 12. Nxe4 Bxe4 13. Rc1 Rd8 14. Bd3
Bxd3 15. Qxd3 c5 16. Ne5 Qb7 17. Qa3 cxd4 18. Rfd1 Na6 19. Nc6 Rd7 20. Rxd4 Nc5
21. b4 1/2-1/2

[Event "World Youth Boys U18 2014"]
[Site "Durban RSA"]
[Date "2014.09.23"]
[Round "6.6"]
[White "Zenzera, Alexey"]
[Black "Rindlisbacher, Lars"]
[Result "1/2-1/2"]
[WhiteTitle "IM"]
[BlackTitle "FM"]
[WhiteElo "2439"]
[BlackElo "2336"]
[WhiteFideId "4102665"]
[BlackFideId "1304178"]
[EventDate "2014.09.20"]

1. b3 Nf6 2. Bb2 e6 3. c4 d6 4. g3 Be7 5. Bg2 O-O 6. Nf3 e5 7. O-O c6 8. Nc3 e4
9. Nd4 d5 10. cxd5 cxd5 11. d3 exd3 12. Qxd3 Nc6 13. Nf5 Be6 14. Nxe7+ Qxe7 15.
Nb5 Rfd8 16. Nd4 Nxd4 17. Qxd4 a6 18. Rac1 Rac8 19. Qh4 Rxc1 20. Rxc1 Rc8 21.
Rxc8+ Bxc8 22. e3 Be6 23. Bxf6 Qxf6 24. Qxf6 gxf6 25. Kf1 Kf8 26. Ke2 b6 27. Kd3
Ke7 28. Kd4 Kd6 29. f4 f5 30. b4 f6 31. Bf3 h6 32. Bh5 Bg8 33. Be8 Be6 34. Bg6
Kc6 35. a3 Kd6 36. Bh5 Kc6 37. Bd1 Kd6 38. h3 Bd7 39. Bh5 Be6 40. Be8 Bc8 41.
Bf7 Bb7 42. a4 a5 43. b5 Ba8 44. Bh5 Bb7 45. Bf3 Ba8 46. Bd1 Bb7 47. Bb3 Ba8 48.
Bc2 Ke6 49. Bd3 Bb7 50. h4 Ba8 51. Be2 Bb7 52. Bh5 Kd6 53. g4 fxg4 54. Bxg4 Ba8
55. Bc8 Kc7 56. Be6 Kd6 57. Bg4 Bb7 58. Bf3 Ba8 59. Bg2 Bb7 60. Bh3 Ba8 61. Bg2
Bb7 62. Bh3 1/2-1/2

[Event "World Youth Boys U18 2014"]
[Site "Durban RSA"]
[Date "2014.09.23"]
[Round "6.7"]
[White "Nikolov, Rumen"]
[Black "Csonka, Balazs"]
[Result "1/2-1/2"]
[BlackTitle "FM"]
[WhiteElo "2172"]
[BlackElo "2412"]
[WhiteFideId "2911620"]
[BlackFideId "742910"]
[EventDate "2014.09.20"]

1. e4 c6 2. d4 d5 3. e5 Bf5 4. Nd2 e6 5. Nb3 Nd7 6. Nf3 a6 7. Be2 c5 8. dxc5
Bxc5 9. O-O Ne7 10. Nxc5 Nxc5 11. Nd4 O-O 12. Nxf5 Nxf5 13. Bg4 Ne7 14. Be3 Rc8
15. c3 Qc7 16. Bd4 b5 17. Qe2 Rfd8 18. Qe3 Re8 19. Rae1 h6 20. Bh3 Ne4 21. g4
Nc6 22. f3 Nxd4 23. cxd4 Ng5 24. Bg2 Qa5 25. f4 Ne4 26. Bxe4 dxe4 27. Qxe4 1/2-1/2

[Event "World Youth Boys U18 2014"]
[Site "Durban RSA"]
[Date "2014.09.23"]
[Round "6.8"]
[White "Studer, Noel"]
[Black "Nassr, Ali"]
[Result "1-0"]
[WhiteTitle "FM"]
[BlackTitle "IM"]
[WhiteElo "2404"]
[BlackElo "2215"]
[WhiteFideId "1319620"]
[BlackFideId "7900520"]
[EventDate "2014.09.20"]

1. e4 c5 2. Nf3 a6 3. c3 e6 4. d4 cxd4 5. cxd4 d5 6. e5 Nc6 7. Bd3 Qb6 8. O-O
Bd7 9. Bc2 Nb4 10. Bb3 Bb5 11. Re1 Nd3 12. Re3 Nxc1 13. Qxc1 Ne7 14. Nc3 Bc6 15.
Bc2 h6 16. Rb1 g5 17. h3 Rg8 18. b4 Ng6 19. b5 axb5 20. Nxb5 Qa5 21. Bxg6 Bxb5
22. Bh5 Bc6 23. Nh2 Bg7 24. Rf3 Rf8 25. a3 Qa7 26. Rb4 Kd7 27. Ng4 Ke7 28. Qb1 1-0

[Event "World Youth Boys U18 2014"]
[Site "Durban RSA"]
[Date "2014.09.23"]
[Round "6.9"]
[White "Javanbakht, Nima"]
[Black "Torosyan, Norayr"]
[Result "0-1"]
[WhiteTitle "FM"]
[WhiteElo "2364"]
[BlackElo "2321"]
[WhiteFideId "12510670"]
[BlackFideId "13300431"]
[EventDate "2014.09.20"]

1. d4 d5 2. c4 c6 3. Nc3 Nf6 4. Nf3 e6 5. Qc2 Nbd7 6. Bg5 Be7 7. e3 O-O 8. cxd5
exd5 9. Bd3 Re8 10. O-O Nf8 11. h3 g6 12. Ne5 Ne6 13. Bh6 Bf8 14. Bxf8 Rxf8 15.
b4 Qd6 16. Rab1 Ng7 17. Na4 Bf5 18. b5 cxb5 19. Rxb5 Rac8 20. Qb3 b6 21. Nc3
Rfd8 22. Be2 Nge8 23. a4 Qc7 24. Rc1 Nd6 25. Rb4 Nde4 26. Na2 Qxc1+ 27. Nxc1
Rxc1+ 28. Kh2 Nxf2 29. Qa2 Rdc8 30. Rb2 R8c3 31. Rb3 R3c2 32. Rb2 Rxe2 33. Rxe2
Rh1+ 34. Kg3 N2e4+ 35. Kf4 Nh5+ 36. Kf3 Rf1+ 0-1

[Event "World Youth Boys U18 2014"]
[Site "Durban RSA"]
[Date "2014.09.23"]
[Round "6.10"]
[White "Nasuta, Grzegorz"]
[Black "Shetty, Atulya"]
[Result "0-1"]
[WhiteTitle "FM"]
[BlackTitle "FM"]
[WhiteElo "2361"]
[BlackElo "2328"]
[WhiteFideId "1141686"]
[BlackFideId "2031213"]
[EventDate "2014.09.20"]

1. e4 e6 2. d4 d5 3. Nc3 Nf6 4. e5 Nfd7 5. f4 c5 6. Nf3 Nc6 7. Be3 a6 8. Qd2 b5
9. dxc5 Bxc5 10. Bd3 Qb6 11. Bf2 Bb7 12. O-O Rc8 13. Bxc5 Qxc5+ 14. Kh1 Ne7 15.
Ne2 Qb6 16. Ned4 Nc5 17. Rae1 Ne4 18. Qe3 h6 19. Nd2 Qa5 20. Bxe4 dxe4 21. a3
Nf5 22. Nxf5 exf5 23. Nb3 Qc7 24. Nd4 g6 25. Rd1 O-O 26. Rf2 Rfd8 27. Rfd2 Rd5
28. Ne2 Rcd8 29. Rxd5 Rxd5 30. Rxd5 Bxd5 31. Nc3 Qc4 32. b3 Qc6 33. Kg1 Be6 34.
Qd4 Qc7 35. Kf2 Qe7 36. a4 Qh4+ 37. Ke3 Qxh2 38. Qd8+ Kg7 39. Qd2 b4 40. Nd1
Qg1+ 0-1

[Event "World Youth Boys U18 2014"]
[Site "Durban RSA"]
[Date "2014.09.23"]
[Round "6.11"]
[White "Eltigani, Omar"]
[Black "Das, Sayantan"]
[Result "0-1"]
[WhiteTitle "IM"]
[BlackTitle "IM"]
[WhiteElo "2261"]
[BlackElo "2456"]
[WhiteFideId "738794"]
[BlackFideId "5034426"]
[EventDate "2014.09.20"]

1. c4 c5 2. Nf3 Nc6 3. b3 e5 4. Nc3 g6 5. Bb2 Bg7 6. d3 Nge7 7. g3 O-O 8. Bg2 d6
9. O-O f5 10. Qd2 h6 11. Nd5 Nxd5 12. cxd5 Ne7 13. b4 b6 14. bxc5 bxc5 15. Nxe5
dxe5 16. d6 Rb8 17. dxe7 Qxe7 18. Rac1 Be6 19. Ba3 Rfc8 20. Rc2 Rc7 21. Rfc1
Rbc8 22. Qe3 Qf7 23. Bb2 f4 24. Qe4 Bf5 25. Qd5 Be6 26. Qe4 Qf5 27. Qxf5 gxf5
28. gxf4 exf4 29. Bxg7 Kxg7 30. d4 c4 31. Rc3 Kg6 32. Kf1 Rg7 33. Bf3 Rcg8 34.
Ke1 Rd8 35. e3 fxe3 36. fxe3 f4 37. Kf2 fxe3+ 38. Kxe3 Re7 39. Rd1 Bf5+ 40. Kf2
Bd3 41. d5 Rd6 42. Ra3 Rb6 43. Ra5 a6 44. h4 Kf7 45. Bh5+ Kf8 46. d6 Rxd6 47.
Rf5+ Kg7 48. Rg1+ Kh7 49. Rf8 Rd5 50. Bf3 a5 51. Rgg8 h5 0-1

[Event "World Youth Boys U18 2014"]
[Site "Durban RSA"]
[Date "2014.09.23"]
[Round "6.12"]
[White "Akhmetov, Ayan"]
[Black "Bratkovic, Sham"]
[Result "1-0"]
[WhiteTitle "IM"]
[WhiteElo "2350"]
[BlackElo "2093"]
[WhiteFideId "13703706"]
[BlackFideId "14608715"]
[EventDate "2014.09.20"]

1. c4 c6 2. Nf3 d5 3. g3 Nf6 4. Bg2 e6 5. b3 Be7 6. O-O O-O 7. Bb2 Nbd7 8. d4 b5
9. c5 a5 10. a3 Re8 11. Nbd2 Nf8 12. Ne5 Qc7 13. b4 N6d7 14. e4 f6 15. Nd3 Ra7
16. Re1 Ng6 17. h4 Ndf8 18. h5 Nh8 19. Nf4 g5 20. hxg6 hxg6 21. exd5 exd5 22.
Nxd5 cxd5 23. Bxd5+ Kg7 24. Bg2 Nf7 25. Ne4 axb4 26. axb4 Rxa1 27. Qxa1 Bf5 28.
Nxf6 Bxf6 29. Rxe8 Nh7 30. d5 Qd7 31. Re1 Bh3 32. Bxf6+ Nxf6 33. c6 Qg4 34. Bxh3
Qxh3 35. Re6 Qf5 36. c7 Ng5 37. Qxf6+ 1-0

[Event "World Youth Boys U18 2014"]
[Site "Durban RSA"]
[Date "2014.09.23"]
[Round "6.13"]
[White "Menezes, Christoph"]
[Black "Ofner, Maximilian"]
[Result "1/2-1/2"]
[WhiteTitle "FM"]
[WhiteElo "2329"]
[BlackElo "2145"]
[WhiteFideId "1617001"]
[BlackFideId "1637789"]
[EventDate "2014.09.20"]

1. Nf3 Nf6 2. c4 e6 3. g3 d5 4. Bg2 Be7 5. O-O O-O 6. d4 dxc4 7. Qc2 a6 8. a4 c5
9. dxc5 Bxc5 10. Qxc4 Qe7 11. Bg5 Nbd7 12. Nc3 h6 13. Bxf6 Nxf6 14. Ne5 Qc7 15.
b4 Bxf2+ 16. Rxf2 Qxe5 17. Rd1 h5 18. Qd4 Qxd4 19. Rxd4 Ng4 20. Rf3 e5 21. Rd6
Be6 22. Rfd3 Rab8 23. Rb6 Bf5 24. Be4 Bxe4 25. Nxe4 Rfc8 26. h4 Rc1+ 27. Kg2 Nf6
28. Nxf6+ gxf6 29. Rxf6 Rc4 30. Rb6 a5 31. bxa5 Rxa4 32. Rd5 Ra8 33. Rxe5 R4xa5
34. Rxa5 Rxa5 35. Rxb7 Kg7 36. Rb4 Kg6 37. Kf3 Ra3+ 38. Kf4 1/2-1/2

[Event "World Youth Boys U18 2014"]
[Site "Durban RSA"]
[Date "2014.09.23"]
[Round "6.14"]
[White "Bida, Mihai-Eugen"]
[Black "Bezuidenhout, Roland"]
[Result "1-0"]
[BlackTitle "CM"]
[WhiteElo "2323"]
[BlackElo "2030"]
[WhiteFideId "1200062"]
[BlackFideId "14304562"]
[EventDate "2014.09.20"]

1. d4 c5 2. d5 e6 3. c4 exd5 4. cxd5 d6 5. Nc3 a6 6. a4 Ne7 7. Nf3 Ng6 8. g3 Be7
9. Bg2 O-O 10. O-O Nd7 11. Nd2 Re8 12. Nc4 Nde5 13. Na3 f5 14. f4 Ng4 15. h3 Nh6
16. Be3 Bf6 17. Bf2 Nf7 18. Qd3 Nf8 19. Nc4 b6 20. Rfe1 Rb8 21. e4 Bxc3 22. bxc3
fxe4 23. Rxe4 Rxe4 24. Qxe4 b5 25. axb5 axb5 26. Ne3 b4 27. Rb1 b3 28. c4 Qa5
29. Be1 Qa2 30. Bc3 Qa4 31. Qd3 Nh6 32. Bb2 Qe8 33. g4 Ng6 34. Rf1 Qf7 35. Qc3
Qf8 36. f5 Ne5 37. Be4 Qf6 38. Ra1 Bd7 39. Ra3 Qh4 40. Ng2 1-0

[Event "World Youth Boys U18 2014"]
[Site "Durban RSA"]
[Date "2014.09.23"]
[Round "6.16"]
[White "Hackner, Oskar A"]
[Black "Visakh, NR"]
[Result "0-1"]
[WhiteElo "2102"]
[BlackElo "2300"]
[WhiteFideId "424188"]
[BlackFideId "25012223"]
[EventDate "2014.09.20"]

1. d4 Nf6 2. c4 e6 3. Nc3 Bb4 4. f3 d5 5. a3 Bxc3+ 6. bxc3 c5 7. cxd5 Nxd5 8.
dxc5 Qa5 9. e4 Nf6 10. Be3 O-O 11. Qb3 Nfd7 12. Bb5 Qc7 13. Qb4 Nc6 14. Qa4 Nce5 0-1

[Event "World Youth Boys U18 2014"]
[Site "Durban RSA"]
[Date "2014.09.23"]
[Round "6.17"]
[White "Ivekovic, Bozidar2"]
[Black "De Strycker, Nathan"]
[Result "1-0"]
[WhiteElo "2299"]
[BlackElo "2133"]
[WhiteFideId "14518848"]
[BlackFideId "226343"]
[EventDate "2014.09.20"]

1. d4 Nf6 2. c4 g6 3. Nc3 Bg7 4. Nf3 d6 5. Bg5 O-O 6. e3 Nbd7 7. Be2 c6 8. O-O
Qc7 9. Qc2 e5 10. Rfd1 h6 11. Bh4 Re8 12. dxe5 dxe5 13. Nd2 Nh7 14. Bg3 f5 15.
a3 Ndf6 16. f3 Qe7 17. e4 Ng5 18. b4 fxe4 19. Ndxe4 Nfxe4 20. Nxe4 Bf5 21. Bd3
Ne6 1-0

[Event "World Youth Boys U18 2014"]
[Site "Durban RSA"]
[Date "2014.09.23"]
[Round "6.18"]
[White "Di Giannantonio, Nino"]
[Black "Malka, Samuel"]
[Result "1-0"]
[WhiteTitle "FM"]
[WhiteElo "2128"]
[BlackElo "2298"]
[WhiteFideId "119261"]
[BlackFideId "20643675"]
[EventDate "2014.09.20"]

1. e4 c5 2. Nf3 d6 3. c3 Nf6 4. Be2 g6 5. O-O Bg7 6. Re1 O-O 7. Bf1 Nc6 8. h3 e5
9. d3 d5 10. Nbd2 b6 11. Qc2 Bb7 12. a4 h6 13. exd5 Nxd5 14. Nc4 Re8 15. g3 Qd7
16. Bd2 Kh7 17. Bg2 f5 18. Rad1 Rad8 19. Bc1 Qc7 20. Rd2 Ba6 21. Qb3 Nf6 22. Nh4
Bb7 23. Qc2 Nd5 24. Rde2 Ba6 25. Qb3 Nde7 26. Re3 Rf8 27. Bf1 f4 28. Re4 g5 29.
Ng2 Ng6 30. h4 Bb7 31. hxg5 hxg5 32. Qd1 Nce7 33. Qh5+ Kg8 34. Qxg5 Bxe4 35.
dxe4 Kh7 36. Qh5+ Kg8 37. Nd2 Rf6 38. Bc4+ Kf8 39. Nf3 Qd7 1-0

[Event "World Youth Boys U18 2014"]
[Site "Durban RSA"]
[Date "2014.09.23"]
[Round "6.19"]
[White "De Abreu, Roberto N"]
[Black "Olund, Joar"]
[Result "0-1"]
[WhiteTitle "FM"]
[WhiteElo "2009"]
[BlackElo "2280"]
[WhiteFideId "14307472"]
[BlackFideId "1714848"]
[EventDate "2014.09.20"]

1. d4 Nf6 2. c4 g6 3. g3 Bg7 4. Bg2 O-O 5. Nc3 d6 6. Nf3 Nc6 7. O-O Bf5 8. d5
Na5 9. Nd2 c5 10. e4 Bd7 11. Qc2 h5 12. b3 h4 13. Bb2 h3 14. Bh1 e6 15. Rae1 Rc8
16. Nd1 b5 17. f4 exd5 18. exd5 bxc4 19. bxc4 Bf5 20. Be4 Nxe4 21. Nxe4 Bd4+ 22.
Kh1 Re8 23. Bxd4 cxd4 24. Qd3 Nxc4 25. Ndf2 Ne3 26. Qxd4 Rxe4 27. Nxe4 Bxe4+ 28.
Qxe4 Nxf1 29. Rxf1 Qb6 30. f5 Qf2 31. Rg1 Rc2 32. Qe8+ Kg7 33. f6+ Qxf6 34. Qe3
Qb2 0-1

[Event "World Youth Boys U18 2014"]
[Site "Durban RSA"]
[Date "2014.09.23"]
[Round "6.20"]
[White "Machan, Jan"]
[Black "Poleg, Matan"]
[Result "1/2-1/2"]
[WhiteElo "2248"]
[BlackElo "2039"]
[WhiteFideId "334774"]
[BlackFideId "2811472"]
[EventDate "2014.09.20"]

1. d4 Nf6 2. c4 e6 3. Nf3 b6 4. g3 Bb4+ 5. Bd2 a5 6. Bg2 O-O 7. O-O Ba6 8. Ne5
Ra7 9. Bxb4 axb4 10. Qa4 c5 11. a3 d6 12. Nd3 bxa3 13. Nxa3 Rc7 14. Nb5 Bxb5 15.
cxb5 Nbd7 16. Bc6 Nb8 17. Bg2 Nbd7 18. Bc6 Nb8 19. Bg2 1/2-1/2

[Event "World Youth Boys U18 2014"]
[Site "Durban RSA"]
[Date "2014.09.23"]
[Round "6.21"]
[White "Flermoen, Peter"]
[Black "Sultan, Ibrahim"]
[Result "1-0"]
[WhiteTitle "CM"]
[BlackTitle "FM"]
[WhiteElo "2226"]
[BlackElo "2023"]
[WhiteFideId "1507303"]
[BlackFideId "9301143"]
[EventDate "2014.09.20"]

1. e4 c5 2. Nf3 d6 3. d4 cxd4 4. Nxd4 Nf6 5. Nc3 Nc6 6. h3 e6 7. g4 Be7 8. Be3
a6 9. Qd2 Bd7 10. g5 Ng8 11. Rg1 b5 12. f4 b4 13. Nce2 e5 14. Nf5 Bxf5 15. exf5
Qc7 16. Bg2 Rb8 17. Qd5 Rc8 18. Qc4 exf4 19. Bxf4 Ne5 20. Qxa6 h6 21. h4 hxg5
22. hxg5 Rh7 23. Bxe5 dxe5 24. Bb7 Rb8 25. Qc6+ Qxc6 26. Bxc6+ Kf8 27. O-O-O Rh5
28. g6 Rxf5 29. Be4 Rf2 30. gxf7 Kxf7 31. Bd5+ Kf8 32. Ng3 Nf6 33. Rh1 Bd6 34.
Ne4 Nxe4 35. Bxe4 Ke7 36. Rhg1 Rf4 37. Rxg7+ Kf6 38. Rh7 Rxe4 39. Rxd6+ Kg5 40.
Rf7 Rg4 41. b3 Re8 42. Kb2 e4 43. Rc7 Rg1 44. Rd4 e3 1-0

[Event "World Youth Boys U18 2014"]
[Site "Durban RSA"]
[Date "2014.09.23"]
[Round "6.24"]
[White "Abe, Mahiro"]
[Black "Padayachee, Kenyon"]
[Result "1-0"]
[BlackTitle "CM"]
[WhiteElo "2146"]
[BlackElo "1748"]
[WhiteFideId "7000235"]
[BlackFideId "14306654"]
[EventDate "2014.09.20"]

1. e4 c5 2. c3 d5 3. exd5 Qxd5 4. d4 cxd4 5. cxd4 Nc6 6. Nf3 Nf6 7. Nc3 Qd8 8.
d5 Nb8 9. Bf4 a6 10. Qb3 Nbd7 11. Qa4 Nh5 12. Be5 f6 13. Bd4 Rb8 14. Ba7 Ra8 15.
Be3 g6 16. Nd4 b5 17. Ncxb5 Bb7 18. Nc3 Kf7 19. Ne6 Qc8 20. Rc1 Ne5 21. Ne4 Qd7
22. Qxd7 Nxd7 23. N4c5 Nxc5 24. Rxc5 Rc8 25. Rxc8 Bxc8 26. Bc4 Ng7 27. Nc5 Nf5
28. Ke2 Nxe3 29. fxe3 Bh6 30. Bxa6 Bxa6+ 31. Nxa6 Rc8 32. Kd3 Bf8 33. b4 e6 34.
dxe6+ Kxe6 35. b5 Bd6 36. h3 Kd7 37. Rb1 h5 38. a4 Ra8 39. Rc1 g5 40. Rc4 f5 41.
Kd4 g4 42. Kd5 gxh3 43. gxh3 Ra7 44. Rh4 1-0

[Event "World Youth Boys U18 2014"]
[Site "Durban RSA"]
[Date "2014.09.23"]
[Round "6.30"]
[White "Sidabras, Jonas"]
[Black "Lobersli, Henrik Oie"]
[Result "0-1"]
[WhiteElo "1828"]
[BlackElo "1950"]
[WhiteFideId "12806048"]
[BlackFideId "1511947"]
[EventDate "2014.09.20"]

1. d4 d5 2. c4 e6 3. cxd5 exd5 4. Nc3 Bb4 5. e3 Ne7 6. Bd3 Bxc3+ 7. bxc3 O-O 8.
Nf3 c5 9. O-O Qa5 10. Qc2 c4 11. Bf5 g6 12. Bh3 Re8 13. Nd2 0-1

[Event "World Youth Boys U18 2014"]
[Site "Durban RSA"]
[Date "2014.09.25"]
[Round "7.1"]
[White "Vaibhav, Suri"]
[Black "Bluebaum, Matthias"]
[Result "1/2-1/2"]
[WhiteTitle "GM"]
[BlackTitle "IM"]
[WhiteElo "2521"]
[BlackElo "2521"]
[WhiteFideId "5045185"]
[BlackFideId "24651516"]
[EventDate "2014.09.20"]

1. d4 d5 2. c4 c6 3. Nc3 Nf6 4. e3 e6 5. Nf3 Nbd7 6. Qc2 Bd6 7. Bd3 dxc4 8. Bxc4
b5 9. Bd3 Bb7 10. O-O a6 11. Rd1 Qc7 12. h3 c5 13. Ne4 Nxe4 14. Bxe4 Bxe4 15.
Qxe4 O-O 16. b3 Nf6 17. Qc2 cxd4 18. Qxc7 Bxc7 19. Nxd4 Be5 20. Bb2 Rfc8 21.
Rac1 Nd5 22. Rxc8+ Rxc8 23. e4 Ne7 24. Ba3 Rd8 25. Bxe7 Rxd4 26. Rxd4 Bxd4 1/2-1/2

[Event "World Youth Boys U18 2014"]
[Site "Durban RSA"]
[Date "2014.09.25"]
[Round "7.2"]
[White "Alekseenko, Kirill"]
[Black "Bortnyk, Olexandr"]
[Result "0-1"]
[WhiteTitle "FM"]
[BlackTitle "IM"]
[WhiteElo "2483"]
[BlackElo "2505"]
[WhiteFideId "4135539"]
[BlackFideId "14120828"]
[EventDate "2014.09.20"]

1. e4 Nf6 2. e5 Nd5 3. d4 d6 4. Nf3 dxe5 5. Nxe5 c6 6. Bc4 g6 7. Nd2 Bg7 8. Ndf3
O-O 9. O-O Nd7 10. Nd3 a5 11. a4 Nb4 12. Bg5 Nb6 13. Bb3 Nxd3 14. Qxd3 Nd5 15.
Rfe1 Bf5 16. Qd2 Re8 17. h3 Qd6 18. Re2 Qb4 19. Rae1 Qxd2 20. Bxd2 Be6 21. Ng5
Bd7 22. c3 e6 23. Nf3 Red8 24. Ne5 Be8 25. f4 b5 26. g4 c5 27. axb5 cxd4 28. c4
a4 29. Bc2 Nb6 30. Be4 Bxe5 31. fxe5 Nxc4 32. Bxa8 Rxa8 33. Bb4 Bxb5 34. Re4
Nxb2 35. Rxd4 Nd3 36. Rd1 a3 37. Ra1 Nxb4 38. Rxb4 Bc6 39. g5 a2 40. Kf2 Ra3 41.
h4 Bd5 42. Ke2 Kf8 43. Rf4 Ra7 44. Kd2 Rb7 45. Kc2 Kg7 46. Raf1 Bb3+ 47. Kd3 Rc7
48. Rb4 Bc2+ 49. Ke3 Ra7 50. Ra1 Ra3+ 51. Kd4 Bb1 52. Kc5 Re3 53. Kd6 Rf3 54.
Rbxb1 axb1=Q 55. Rxb1 Rf4 56. Ke7 h6 57. Rg1 hxg5 58. hxg5 Rf5 59. Kd6 Kf8 60.
Rg3 Rf4 61. Rg1 Rd4+ 62. Kc6 Ke7 63. Ra1 Rc4+ 64. Kb6 Rg4 0-1